00355nam a2200121Ia 4500008004100000082002100041100001500062245003500077260004500112365000600157630003500163730003500198100415s9999 xx 000 0 und d b13893a599(5483) aPillai RS aFauna of Silent Valley: report aMADRASc1981bZOOLOGICAL SURVEY OF INDIA b0 aFauna of Silent Valley: report aFauna of Silent Valley: report